|
|
|
|
| LEADER |
00000nam0a2200000 4500 |
| 001 |
8394 |
| 005 |
20231030181820.0 |
| 010 |
|
|
|a 589350027X
|
| 035 |
|
|
|a (RuTPU)RU\TPU\book\8440
|
| 035 |
|
|
|a BOOK00008499
|
| 090 |
|
|
|a 8394
|
| 100 |
|
|
|a 20011209d1996 m y0rusy50 ca
|
| 101 |
0 |
|
|a rus
|
| 102 |
|
|
|a RU
|
| 105 |
|
|
|a a j 000zy
|
| 200 |
1 |
|
|a Секреты Delphi на примерах
|e Версии 1 и 2.х
|f С. В. Орлик
|
| 210 |
|
|
|a Москва
|c Бином
|d 1996
|
| 215 |
|
|
|a 352 с.
|c ил.
|
| 610 |
1 |
|
|a операционные системы
|
| 610 |
1 |
|
|a программирование
|
| 610 |
1 |
|
|a Delphi
|
| 610 |
1 |
|
|a Object Pascal
|
| 610 |
1 |
|
|a Borland Delphi
|
| 610 |
1 |
|
|a приложения
|
| 610 |
1 |
|
|a архитектура
|
| 610 |
1 |
|
|a примеры
|
| 610 |
1 |
|
|a C++
|
| 610 |
1 |
|
|a учебные пособия
|
| 675 |
|
|
|a 681.3.066(07)
|v 3
|
| 700 |
|
1 |
|a Орлик
|b С. В.
|g Сергей В.
|
| 801 |
|
0 |
|a RU
|b 63413507
|c 20011209
|g PSBO
|
| 801 |
|
2 |
|a RU
|b 63413507
|c 20070615
|g PSBO
|
| 942 |
|
|
|c BK
|